Early evaluation of a set of wild Hevea germplasm for drought tolerance in the North Konkan region (Record no. 49582)

MARC details
000 -LEADER
fixed length control field 00538nam a2200133Ia 4500
100 ## - MAIN ENTRY--AUTHOR NAME
Personal name Mercy M A
245 #0 - TITLE STATEMENT
Title Early evaluation of a set of wild Hevea germplasm for drought tolerance in the North Konkan region
260 ## - PUBLICATION, DISTRIBUTION, ETC. (IMPRINT)
Name of publisher IRC 2012. International Rubber Conference, 28-31 October 2012, Kovalam, India, Rubber Research Institute of India, Kottayam and IRRDB, Malaysia: Abstracts. pp.72-73.
650 ## - SUBJECT ADDED ENTRY--TOPICAL TERM
Topical Term Drought tolerance
700 ## - ADDED ENTRY--PERSONAL NAME
Personal name Meenakumari T
700 ## - ADDED ENTRY--PERSONAL NAME
Personal name Singh M
942 ## - ADDED ENTRY ELEMENTS (KOHA)
Koha item type Bibliography STAF
Holdings
Withdrawn status Lost status Damaged status Not for loan Home library Current library Shelving location Date acquired Koha item type
      Bibliography RRII Library RRII Library Crop imporvement 16/04/2013 Bibliography STAF